000 00396nam a2200145Ia 4500
008 210716s2008 xx 000 0 und d
041 _aeng
082 _a658.12 SINB
100 _aSingh, B P;Chhabra, T N.
245 _aBusiness organisation and management.
250 _a1
260 _aNew Delhi
_bDhanpat Rai and Co (P) Ltd.
_c2008
300 _axvi,837
650 _aOrganisational Behavior
999 _c202627
_d202627